<?xml version="1.0" encoding="UTF-8"?>
<record
    xmlns:xsi="http://www.w3.org/2001/XMLSchema-instance"
    xsi:schemaLocation="http://www.loc.gov/MARC21/slim http://www.loc.gov/standards/marcxml/schema/MARC21slim.xsd"
    xmlns="http://www.loc.gov/MARC21/slim">

  <leader>00710nam a22001937a 4500</leader>
  <datafield tag="999" ind1=" " ind2=" ">
    <subfield code="c">8311</subfield>
    <subfield code="d">8311</subfield>
  </datafield>
  <controlfield tag="003">GBCCL</controlfield>
  <controlfield tag="005">20241126110647.0</controlfield>
  <controlfield tag="008">191119b           ||||| |||| 00| 0 eng d</controlfield>
  <datafield tag="040" ind1=" " ind2=" ">
    <subfield code="c">GBC</subfield>
  </datafield>
  <datafield tag="082" ind1=" " ind2=" ">
    <subfield code="a">ARCH GBC-2019</subfield>
    <subfield code="b">GOM</subfield>
  </datafield>
  <datafield tag="100" ind1=" " ind2=" ">
    <subfield code="a">Gominthang</subfield>
    <subfield code="9">14437</subfield>
  </datafield>
  <datafield tag="245" ind1=" " ind2=" ">
    <subfield code="a">As a Counsellor, the Pastor are Responsible in Communicating the Gospel Effectively to the Drug Addicts for the Transformation of Society of Lamka With the Gospel |</subfield>
    <subfield code="c">Gominthang</subfield>
  </datafield>
  <datafield tag="260" ind1=" " ind2=" ">
    <subfield code="a">New Lamka:</subfield>
    <subfield code="b">Grace Bible College,</subfield>
    <subfield code="c">2019</subfield>
  </datafield>
  <datafield tag="300" ind1=" " ind2=" ">
    <subfield code="a">xv + 56 p ;</subfield>
    <subfield code="c">21 cm x 29 cm</subfield>
  </datafield>
  <datafield tag="650" ind1=" " ind2=" ">
    <subfield code="a">Pastoral Ministry</subfield>
    <subfield code="9">6748</subfield>
  </datafield>
  <datafield tag="650" ind1=" " ind2=" ">
    <subfield code="a">Counsellor</subfield>
    <subfield code="v">Drugs </subfield>
    <subfield code="x">Transformation of Society</subfield>
    <subfield code="9">14438</subfield>
  </datafield>
  <datafield tag="651" ind1=" " ind2=" ">
    <subfield code="z">Lamka</subfield>
    <subfield code="z">Churachandpur</subfield>
    <subfield code="9">14448</subfield>
  </datafield>
  <datafield tag="942" ind1=" " ind2=" ">
    <subfield code="2">ddc</subfield>
    <subfield code="c">TH</subfield>
  </datafield>
  <datafield tag="952" ind1=" " ind2=" ">
    <subfield code="0">0</subfield>
    <subfield code="1">0</subfield>
    <subfield code="2">ddc</subfield>
    <subfield code="4">0</subfield>
    <subfield code="7">0</subfield>
    <subfield code="a">GBC</subfield>
    <subfield code="b">GBC</subfield>
    <subfield code="c">ARC</subfield>
    <subfield code="d">2019-11-19</subfield>
    <subfield code="l">0</subfield>
    <subfield code="o">ARCH GBC-2019 GOM</subfield>
    <subfield code="p">025165</subfield>
    <subfield code="r">2025-05-01 00:00:00</subfield>
    <subfield code="t">c.1</subfield>
    <subfield code="w">2019-11-19</subfield>
    <subfield code="y">TH</subfield>
  </datafield>
</record>
